| 000 | nam a22 7a 4500 | ||
|---|---|---|---|
| 999 |
_c23248 _d23248 |
||
| 008 | 170126b xxu||||| |||| 00| 0 eng d | ||
| 050 | _aRT 55 .R5 2012 | ||
| 245 |
_aThe RN course book : _bpreparation for the NCLEX-RN examination/ |
||
| 250 | _a15th ed. | ||
| 260 |
_aNew York : _bKaplan publishing, _c2012. |
||
| 300 |
_a659p. ; _c28 cm. |
||
| 650 | _aNursing | ||
| 650 | _aNational council licensure examination for registered nurses | ||
| 942 |
_2lcc _cBOOKS _hRT 55 .R5 2012 |
||